000 00530nam a2200169 a 4500
001 000048355
005 20201002061107.0
008 190212s1989 dr 000 d spa d
040 _aDO-SdBNP
_bspa
_cBNPHU
082 _axxxx
_bL333h
100 1 _aLarraƱaga, Ignacio,
_d1928-2013.
_975774
245 1 3 _aEl hermano de Asis /
_cIgnacio LarraƱaga.
260 _aSanto Domingo :
_bSusaeta Ediciones Dominicanas,
_bCEFEPAL,
_c1989.
300 _a414 p. ;
_c19 cm.
500 _aIncluye datos del autor
590 _aInventariado, 2019/LP
999 _c47843
_d47843